000 00463nam a2200181Ia 4500
001 8082
005 20260306160543.0
008 260306t2008||||xx |||||||||||||| ||spa||
041 _aESP
082 _a370.1
_bM19
100 _aMaldonado García, Miguel Ángel
_eAUT
245 0 _aPedagogías críticas:
_beuropa, américa latina, norteamérica
260 _c2008
300 _a177 páginas :
_c
650 _aGEN
654 _aCED
942 _cLIB
_dJUS
_fJUS
_2ddc
_n
999 _c8082
_d8082